000 00291nam a2200121Ia 4500
008 231129s9999||||xx |||||||||||||| ||spa||
040 _bspa
082 _a920 A366m
100 _aAlegria Ciro
245 0 _aMucha suerte con harto palo: Memorias
264 _aOveja Negra
942 _2ddc
_cBKS
999 _c21433
_d21433